000 00813nac a22002531u 4500
008 100908t1997 xxu|||||r|||| 00| 0 eng d
010 _a96042905
020 _a0070053669
020 _a0079130348 (Mac set)
020 _a0079126375 (IBM set)
020 _a0070054193 (SM)
082 0 0 _a620.1054
_bVEC
_222
245 1 0 _aVector Mechanics for Engineers. Dynamics /
_cFerdinand P. Beer ... [et al.].
250 _a6th ed.
260 _aBoston :
_bWCB McGraw-Hill,
_c1997
300 _a1314 p. :
_bcol. ill. ;
_c26 cm.
500 _aIncludes index.
650 0 _aDynamics.
_918769
_2BUEsh
650 0 _aVector analysis.
_918770
_2BUEsh
650 0 _aMechanics, Applied.
_918771
_2BUEsh
651 _2BUEsh
700 1 _aBeer, Ferdinand P.
_q(Ferdinand Pierre),
_d1915-2003.
_912477
942 _cBB
_k620.1054VEC
_2ddc
999 _c809
_d809